000 00362nam a2200145Ia 4500
003 SEM
008 141116s9999 xx 000 0 und d
080 _a281.62:280 N-43
100 _aNersoyan Hagop
245 4 _aThe relationship of the Armenian Church with other Christian Churches
260 _aQuebec
260 _cs.a.
300 _a13
942 _2udc
_cBK
999 _c53858
_d53858